Quince ocasiones para pedir deseos en la calle /
Guardado en:
| Autor Principal: | |
|---|---|
| Otros Autores: | |
| Formato: | Libro |
| Idioma: | Undetermined |
| Publicado: |
Buenos Aires :
Limonero,
2021.
|
| Edición: | 1a ed. |
| Materias: | |
| Etiquetas: |
Agregar Etiqueta
Sin Etiquetas, Sea el primero en etiquetar este registro!
|
| LEADER | 00928nam a22002775a 4500 | ||
|---|---|---|---|
| 001 | CEM.cems019024 | ||
| 008 | 211104s2021####ag############000#0#und#d | ||
| 005 | 20221004164711.0 | ||
| 245 | 1 | 0 | |a Quince ocasiones para pedir deseos en la calle / |c Bicolás Schuff ; ilustrado por Maguma. |
| 250 | |a 1a ed. | ||
| 260 | |a Buenos Aires : |b Limonero, |c 2021. | ||
| 300 | |a 40 p. | ||
| 500 | |a Edición para Ministerio de Educación de la Nación Argentina. | ||
| 020 | |a 9789874794055 | ||
| 100 | 1 | |a Schuff, Nicolás. | |
| 700 | 1 | |a Maguma; il. | |
| 653 | |a Literatura | ||
| 653 | |a Literatura Argentina | ||
| 653 | |a Cuento | ||
| 653 | |a Cuentos Argentinos | ||
| 653 | |a Literatura Juvenil | ||
| 653 | |a Literatura Infantil | ||
| 653 | |a Libro albúm | ||
| 653 | |a Colección Leer Abre Mundos | ||
| 859 | |a CEMS |b BIB. CEMS - Agricultura |h A868.4 |i Sch79 |p A3375.21 |t Ej.1 | ||
| 859 | |a CEMS |b BIB. CEMS - 11 de abril |h A868.4 |i Sch79 |p 29147.21 |t Ej. 1 | ||
